| 000 | 00433 a2200157 4500 | ||
|---|---|---|---|
| 005 | 20250627065041.0 | ||
| 020 | _a0-256-05825-3 | ||
| 082 | _a337 BAL | ||
| 100 | _aBALL. D.A | ||
| 245 | _aInternational Business: Introduction and Essentials | ||
| 250 | _a3rd Ed. | ||
| 260 |
_aILLINOIS _bIrwin, Inc _c1988 |
||
| 300 |
_axvi; 897Pages; Appendix; Glossary _billustration; Pictures _c24cm |
||
| 700 | _aMcCULLOCH W.H | ||
| 942 |
_2ddc _cBKS |
||
| 999 |
_c5509 _d5509 |
||